| 000 | 00724nam a2200193 a 4500 | ||
|---|---|---|---|
| 005 | 20140414132102.0 | ||
| 008 | 100722s19uu xx 00 eng d | ||
| 020 | _a978-1-59566-650-5 | ||
| 050 |
_aM 612.8 _bH58 2008 |
||
| 100 | _aHewitt, Sally | ||
| 245 |
_aMy brain : _ban exciting way to learn about your body. |
||
| 260 |
_aLaguna Hills, CA : _bQEB pub, _c2008. |
||
| 300 | _a24 p. | ||
| 440 | _aQEB My body | ||
| 500 | _aIncludes bibliographical references and index. | ||
| 520 | _a"An introduction to the brain and its many functions within the human body, including how it helps us breathe, move, sense, learn, and remember"--Provided by publisher. | ||
| 650 | _aBrain --Juvenile literature. | ||
| 999 |
_c114503 _d114503 |
||